Entrpreneurship development and small business enterprises / (Record no. 159457)

MARC details
000 -LEADER
fixed length control field 00658nam a22002057a 4500
005 - DATE AND TIME OF LATEST TRANSACTION
control field 20181218150151.0
010 ## - LCCN (DPL NO)
LC control number ENG-124571
020 ## - INTERNATIONAL STANDARD BOOK NUMBER
International Standard Book Number 9789353066260
Terms of availability 499.00
035 ## - SYSTEM CONTROL NUMBER
System control number EN-108103
037 ## - SOURCE OF ACQUISITION
Source of stock number/acquisition DBAD/PUB
082 ## - DEWEY DECIMAL CLASSIFICATION NUMBER
Classification number 338.642
100 ## - MAIN ENTRY--PERSONAL NAME
Personal name Charantimath, Poornima M.
245 ## - TITLE STATEMENT
Title Entrpreneurship development and small business enterprises /
Statement of responsibility, etc by Poornima M. Charantimath
250 ## - EDITION STATEMENT
Edition statement 3rd ed.
260 ## - PUBLICATION, DISTRIBUTION, ETC. (IMPRINT)
Place of publication, distribution, etc New Delhi
Name of publisher, distributor, etc Pearson
Date of publication, distribution, etc 2019
270 ## - ADDRESS
Address 14 Local Shopping Centre, Panchsheel Park
City New Delhi
Postal code 110017
300 ## - PHYSICAL DESCRIPTION
Extent xx,412p.
Dimensions 27cm. (pbk)
Other physical details ill. pic.
500 ## - GENERAL NOTE
General note It includes index
942 ## - ADDED ENTRY ELEMENTS (KOHA)
Source of classification or shelving scheme Dewey Decimal Classification
Item type English Books
Classification part 338.642
Call number suffix CHA
Holdings
Withdrawn status Lost status Not for loan Collection code Home library Current library Date acquired Source of acquisition Cost, normal purchase price Full call number Barcode Copy number Cost, replacement price Koha item type
    Not For Loan Non-fiction D.B.Act.Division Bawana 18/12/2018 DBAD/PUB 499.00 338.642 CHA EN-108103 1 499.00 English Books

© Delhi Public Library
Hit Counter
free hit counter